<?xml version="1.0" encoding="UTF-8"?>
<marc:record xmlns:marc="http://www.loc.gov/MARC21/slim">
   <marc:leader>00000nam a2200000 a 4500</marc:leader>
   <marc:datafield ind1="1" ind2=" " tag="100">
      <marc:subfield code="a">Kristinas.healthylife</marc:subfield>
      <marc:subfield code="4">aut</marc:subfield>
      <marc:subfield code="e">Verfasser/-in</marc:subfield>
   </marc:datafield>
   <marc:datafield ind1="0" ind2="0" tag="245">
      <marc:subfield code="a">Löffelliebe</marc:subfield>
   </marc:datafield>
   <marc:datafield ind1="0" ind2="0" tag="245">
      <marc:subfield code="c">Kristinas.healthylife</marc:subfield>
   </marc:datafield>
   <marc:datafield ind1=" " ind2="1" tag="264">
      <marc:subfield code="a">Gräfelfing</marc:subfield>
      <marc:subfield code="b">Next Level Verlag</marc:subfield>
      <marc:subfield code="c">2025</marc:subfield>
   </marc:datafield>
   <marc:datafield ind1="1" ind2=" " tag="520">
      <marc:subfield code="a">Löffelliebe – Proteinreiche Familienrezepte zum Abnehmen und Genießen&#xD;
&#xD;
&#xD;
&#xD;
Gesund kochen für die ganze Familie – alltagstauglich, ausgewogen und richtig lecker!&#xD;
&#xD;
&#xD;
&#xD;
Mit ihrem ersten Kochbuch teilt Kristina über 70 einfache Rezepte, die beim Abnehmen helfen, Energie liefern und auch Kindern schmecken.&#xD;
&#xD;
&#xD;
&#xD;
Was dich erwartet:&#xD;
&#xD;
&#xD;
  40 herzhafte und 30 süße Gerichte&#xD;
  Proteinreiche Rezepte – ohne Diätstress&#xD;
  Gesund &amp; lecker kochen mit und ohne Proteinpulver&#xD;
  Perfekt für Familien &amp; alle, die bewusster essen wollen&#xD;
  Auch für Berufstätige &amp; Meal Prep geeignet&#xD;
&#xD;
&#xD;
&#xD;
Viel mehr als nur ein Kochbuch:&#xD;
&#xD;
Kristina selbst hat 52 kg abgenommen – ohne zu hungern. In Löffelliebe gibt sie persönliche Einblicke, Tipps für den Alltag und Inspiration für eine gesunde Ernährung, die schmeckt und satt macht.&#xD;
&#xD;
&#xD;
&#xD;
Für wen ist dieses Buch?&#xD;
&#xD;
&#xD;
  Familien mit Kindern&#xD;
  Alle, die gesünder essen möchten&#xD;
  Menschen, die abnehmen und satt bleiben wollen&#xD;
  Fans von schnellen, gesunden Rezepten&#xD;
&#xD;
&#xD;
&#xD;
Mach dir und deiner Familie das Kochen leicht – mit Löffelliebe!</marc:subfield>
   </marc:datafield>
   <marc:datafield ind1=" " ind2=" " tag="020">
      <marc:subfield code="a">9783689360719</marc:subfield>
      <marc:subfield code="9">9783689360719</marc:subfield>
   </marc:datafield>
   <marc:datafield ind1=" " ind2=" " tag="020">
      <marc:subfield code="a">3689360714</marc:subfield>
      <marc:subfield code="9">3689360714</marc:subfield>
   </marc:datafield>
   <marc:datafield ind1=" " ind2=" " tag="041">
      <marc:subfield code="a">ger</marc:subfield>
   </marc:datafield>
   <marc:datafield ind1=" " ind2=" " tag="338">
      <marc:subfield code="a">Band</marc:subfield>
   </marc:datafield>
   <marc:datafield ind1=" " ind2=" " tag="300">
      <marc:subfield code="a">173 Seiten</marc:subfield>
   </marc:datafield>
</marc:record>
